[Event "BLR-ch 70th"]
[Site "Minsk"]
[Date "2004.03.06"]
[Round "3"]
[White "Kolesnik, Eduard"]
[Black "Tihonov, Jurij"]
[Result "0-1"]
[WhiteElo "2406"]
[BlackElo "2443"]
[PlyCount "140"]
[EventDate "2004.03.04"]
[EventType "tourn"]
[EventRounds "11"]
[EventCountry "BLR"]
[EventCategory "9"]
[SourceTitle "EXT 2005"]
[Source "ChessBase"]
[SourceDate "2004.11.15"]
[SourceVersion "1"]
[SourceVersionDate "2004.11.15"]
[SourceQuality "1"]

1. e4 c5 2. Nf3 d6 3. d4 cxd4 4. Nxd4 Nf6 5. Nc3 a6 6. Be3 e5 7. Nb3 Be6 8. f3 Be7 9. Qd2 h5 10. 0-0-0 Nbd7 11. Kb1 Rc8 12. h3 Qc7 13. Bd3 h4 14. f4 Nb6 15. f5 Nc4 16. Bxc4 Bxc4 17. Qf2 b5 18. a3 Rb8 19. Nd5 Bxd5 20. exd5 Ne4 21. Qf3 Ng3 22. Rhe1 Qd7 23. Qg4 Qxf5 24. Qb4 Rc8 25. Rd2 Qe4 26. Qa5 Bg5 27. Rd4 Qxc2+ 28. Ka2 Bxe3 29. Rxe3 0-0 30. Rd2 Qc7 31. Qb4 Qc4 32. Qxd6 Nf5 33. Qxe5 Nxe3 34. Rd4 Qe2 35. Rg4 Qxg4 36. hxg4 Rfe8 37. Qg5 Rcd8 38. Qxh4 Rxd5 39. Qg3 Nc4 40. Qf3 Rde5 41. Nd4 Re4 42. Nf5 Re2 43. Qc3 Rxb2+ 44. Ka1 Re5 45. Qxe5 Nxe5 46. Kxb2 Nxg4 47. Kc3 g6 48. Nd4 Ne3 49. Kb4 Kg7 50. Ka5 Nc4+ 51. Kxa6 Nxa3 52. Ka5 Kf6 53. Kb4 Nc4 54. Nc2 Nd6 55. Kc5 Ke5 56. Nb4 Nc4 57. Nd5 Ke4 58. Nf6+ Kf4 59. Kxb5 Ne3 60. Kc5 Kf5 61. Ne8 Nxg2 62. Kd6 g5 63. Ke7 Kg6 64. Nf6 Ne3 65. Nd7 Nc4 66. Nf8+ Kg7 67. Nd7 g4 68. Nf6 Ne3 69. Ne4 Kg6 70. Ng3 Nf5+ 0-1

[Event "BLR-ch 70th"]
[Site "Minsk"]
[Date "2004.03.05"]
[Round "2"]
[White "Kupreichik, Viktor D"]
[Black "Kolesnik, Eduard"]
[Result "1/2-1/2"]
[WhiteElo "2464"]
[BlackElo "2406"]
[PlyCount "110"]
[EventDate "2004.03.04"]
[EventType "tourn"]
[EventRounds "11"]
[EventCountry "BLR"]
[EventCategory "9"]
[SourceTitle "EXT 2005"]
[Source "ChessBase"]
[SourceDate "2004.11.15"]
[SourceVersion "1"]
[SourceVersionDate "2004.11.15"]
[SourceQuality "1"]

1. e4 e5 2. Nf3 Nc6 3. d4 exd4 4. Nxd4 Nf6 5. Nxc6 bxc6 6. e5 Qe7 7. Qe2 Nd5 8. c4 Ba6 9. b3 g6 10. Ba3 Qxa3 11. Nxa3 Bb4+ 12. Qd2 Bxd2+ 13. Kxd2 Nb4 14. g3 0-0-0 15. Bh3 Kb8 16. Nc2 c5 17. Nxb4 cxb4 18. a3 d6 19. e6 fxe6 20. Bxe6 Bb7 21. Rhe1 bxa3 22. Rxa3 Rde8 23. f4 c5 24. Raa1 Rhf8 25. Bd7 Rxe1 26. Rxe1 d5 27. Re7 g5 28. f5 h5 29. Kc3 d4+ 30. Kd3 Bf3 31. Be6 Bg4 32. Ke4 Rd8 33. Bd5 Rf8 34. Rb7+ Kc8 35. Rxa7 Bxf5+ 36. Ke5 Kd8 37. b4 d3 38. bxc5 d2 39. Bf3 Bg4 40. Bxg4 hxg4 41. Ra1 Kc7 42. Rd1 Rf2 43. Ke4 Rxh2 44. Ke3 Rg2 45. Rxd2 Rxg3+ 46. Kd4 Rf3 47. Rg2 g3 48. Ke4 g4 49. Kd5 Rf5+ 50. Ke4 Rf3 51. Kd5 Kd7 52. Ra2 Rf5+ 53. Ke4 Rf2 54. Ra3 g2 55. Rg3 Kc6 1/2-1/2

[Event "BLR-ch"]
[Site "Minsk"]
[Date "2001.??.??"]
[Round "5"]
[White "Azarov, Sergei Nikolaevich"]
[Black "Kolesnik, Eduard"]
[Result "1-0"]
[WhiteElo "2417"]
[BlackElo "2425"]
[PlyCount "131"]
[EventDate "2001.03.??"]
[EventType "tourn"]
[EventRounds "11"]
[EventCountry "BLR"]
[EventCategory "7"]
[SourceTitle "CBM 081 Extra"]
[Source "ChessBase"]
[SourceDate "2001.05.06"]
[SourceVersion "1"]
[SourceVersionDate "2001.05.06"]
[SourceQuality "1"]

1. e4 e5 2. Nf3 Nc6 3. Bb5 a6 4. Ba4 Nf6 5. 0-0 b5 6. Bb3 Bb7 7. c3 Be7 8. d4 d6 9. Re1 0-0 10. Nbd2 Re8 11. Ng5 Rf8 12. Nf1 Na5 13. Bc2 c5 14. Nf3 Re8 15. d5 Bf8 16. b3 Bc8 17. h3 g6 18. Ne3 Bg7 19. a3 Bd7 20. b4 Nb7 21. Bd2 Nxe4 22. Bxe4 f5 23. Bc2 e4 24. Nh2 Qh4 25. Nef1 Re7 26. f3 Rae8 27. fxe4 fxe4 28. Ne3 h5 29. Rf1 Be5 30. Qe1 Bg3 31. Qe2 Nd8 32. Be1 Nf7 33. Bxg3 Qxg3 34. Qf2 Qe5 35. Qf6 Bf5 36. Qxe5 Rxe5 37. Rf4 Nh6 38. Raf1 cxb4 39. cxb4 Rc8 40. g4 Rc3 41. Re1 Kg7 42. gxf5 Nxf5 43. Nhf1 Nd4 44. Bxe4 g5 45. Nf5+ Kf6 46. Rf2 Nxf5 47. Nd2 g4 48. hxg4 Rg3+ 49. Kf1 hxg4 50. Bxf5 Rxe1+ 51. Kxe1 Re3+ 52. Kf1 g3 53. Rf4 g2+ 54. Kxg2 Re2+ 55. Kf3 Rxd2 56. Ke3 Rb2 57. Bd3+ Ke7 58. Re4+ Kd7 59. Rh4 Rb3 60. Rh7+ Kd8 61. Kd4 Rxa3 62. Bf5 Rb3 63. Rd7+ Ke8 64. Rxd6 Rxb4+ 65. Ke5 a5 66. Ra6 1-0

[Event "BLR-ch"]
[Site "Minsk"]
[Date "2001.??.??"]
[Round "4"]
[White "Kolesnik, Eduard"]
[Black "Dydyshko, Viacheslav"]
[Result "0-1"]
[WhiteElo "2425"]
[BlackElo "2518"]
[PlyCount "78"]
[EventDate "2001.03.??"]
[EventType "tourn"]
[EventRounds "11"]
[EventCountry "BLR"]
[EventCategory "7"]
[SourceTitle "CBM 081 Extra"]
[Source "ChessBase"]
[SourceDate "2001.05.06"]
[SourceVersion "1"]
[SourceVersionDate "2001.05.06"]
[SourceQuality "1"]

1. e4 c5 2. Nf3 d6 3. d4 cxd4 4. Nxd4 Nf6 5. Nc3 a6 6. Be2 e6 7. Be3 Qc7 8. Qd2 b5 9. a3 Bb7 10. f3 Nbd7 11. 0-0-0 d5 12. exd5 Nxd5 13. Nxd5 Bxd5 14. Rhe1 Rc8 15. Bf4 Qb6 16. Nf5 g6 17. Bf1 Qc5 18. b4 Qc6 19. Nd4 Qb7 20. Nxb5 Bb3 21. Nd4 Ba4 22. Nxe6 fxe6 23. Rxe6+ Kf7 24. Bxa6 Bxb4 25. axb4 Qa8 26. Qd6 Rhe8 27. Rxe8 Rxc2+ 28. Kb1 Qxe8 29. Qd5+ Kg7 30. Qd4+ Nf6 31. Bg5 Rc6 32. Bxf6+ Rxf6 33. Rc1 Qe7 34. g4 Kh6 35. h4 Rxf3 36. g5+ Kh5 37. Rg1 Qe6 38. Be2 Bc6 39. Bxf3+ Bxf3 0-1

[Event "RUS-Cup"]
[Site "Minsk"]
[Date "2001.??.??"]
[Round "5"]
[White "Kolesnik, Eduard"]
[Black "Dydyshko, Viacheslav"]
[Result "0-1"]
[WhiteElo "2425"]
[BlackElo "2518"]
[PlyCount "52"]
[EventDate "2001.??.??"]
[EventType "swiss"]
[EventRounds "9"]
[EventCountry "BLR"]
[SourceTitle "EXT 2002"]
[Source "ChessBase"]
[SourceDate "2001.11.25"]
[SourceVersion "1"]
[SourceVersionDate "2001.11.25"]
[SourceQuality "1"]

1. e4 c5 2. Nf3 d6 3. d4 cxd4 4. Nxd4 Nf6 5. Nc3 a6 6. Be2 e6 7. Be3 Qc7 8. Qd2 b5 9. a3 Bb7 10. f3 Nbd7 11. 0-0-0 d5 12. exd5 Bxd5 13. Bxb5 axb5 14. Ndxb5 Qb7 15. Bf4 Rc8 16. Rhe1 Nb6 17. g4 Nc4 18. Qd3 Be7 19. b3 0-0 20. bxc4 Bxc4 21. Nd6 Bxd3 22. Nxb7 Ba6 23. g5 Nh5 24. Bd6 Bxd6 25. Rxd6 Bxb7 26. Ne4 Nf4 0-1